| 000 | 00647nam a2200205 4500 | ||
|---|---|---|---|
| 003 | OSt | ||
| 005 | 20230907130543.0 | ||
| 006 | k|||||r|||| 00| zz | ||
| 008 | 708 R549v | ||
| 040 | _cLado V | ||
| 082 |
_a708 _bG633d |
||
| 100 |
_91038 _aGomez, Alvaro _eautor |
||
| 245 | _aDiáfana Obsesión Obra en Papel/ | ||
| 260 |
_bMuseo de Arte y Diseño Contemporáneo _c1998 _aCosta Rica |
||
| 300 |
_a4p. _c18x23cm |
||
| 650 |
_2Tesauro de Arte & Arquitectura _aARTE _9702 |
||
| 650 |
_2Tesauro de Arte & Arquitectura _aPINTURA _9702 |
||
| 650 |
_2Tesauro de Arte & Arquitectura _aARTE CONTEMPORANEO |
||
| 942 |
_2ddc _c1 _h708 _iG633d _n0 |
||
| 999 |
_c4297 _d4297 |
||